Diario de los debates de la Cámara de Diputados. Octava legislatura constitucional de la unión

Detalles Bibliográficos
Autor Corporativo: Congreso (8°). Cámara de Diputados (México)
Formato: Libro
Lenguaje:Spanish
Publicado: México : imprenta de Francisco Díaz de León, calle de Lerdo número 2, 1875-
Materias:
Colección:Banco de datos
Acervo:Universidad Autónoma Benito Juárez de Oaxaca. Biblioteca Francisco de Burgoa. Colección histórica
Descripción Física:t. ; 28 cm.
Tema general:Legislación
Notas:Portada tipográfica con plecas. Texto a dos columnas con paginación en números arábigos, cornisas y signaturas. Tomo con portada y numeración propias. Año del t. 1 publicado en 1875; t. 2: 1876; t. 3: 1880. Paginación: t. 1 723 p.; t. 2 563 p.; t. 3 452 p. Encuadernación en cartón con lomo en piel (19472, 19473). Marca de fuego: Biblioteca Pública del Estado de Oaxaca, Oax. (19472, 19473)
LEADER 01621nam a22002050004500
035 |a 3355 
041 0 |a spa 
110 1 |a Congreso (8°). Cámara de Diputados (México) 
245 1 0 |a Diario de los debates de la Cámara de Diputados. Octava legislatura constitucional de la unión 
260 |a México : imprenta de Francisco Díaz de León, calle de Lerdo número 2, 1875- 
300 |a  t. ; 28 cm.  
500 |a Portada tipográfica con plecas. Texto a dos columnas con paginación en números arábigos, cornisas y signaturas. Tomo con portada y numeración propias. Año del t. 1 publicado en 1875; t. 2: 1876; t. 3: 1880. Paginación: t. 1 723 p.; t. 2 563 p.; t. 3 452 p. Encuadernación en cartón con lomo en piel (19472, 19473). Marca de fuego: Biblioteca Pública del Estado de Oaxaca, Oax. (19472, 19473) 
504 |a Al final de los t. 1-3 está el índice de las sesiones 
504 |a El tomo tres tiene como impresor a: Filomeno Mata 
505 0 0 |a t. 1 Correspondiente al primer período de sesiones ordinarias que comenzo el 15 de setiembre de 1875.-- t. 2 Correspondiente al segundo período de sesiones ordinarias celebradas de abril a mayo de 1876.-- t. 3 Correspondiente al tercer período de sesiones ordinarias celebradas de setiembre a noviembre de 1876 
650 1 0 |a Legislación 
852 |a Universidad Autónoma "Benito Juárez" de Oaxaca, Biblioteca Francisco de Burgoa, Colección histórica t. 1 (19472); t. 2 (19473); t. 3 (19473) 
942 |c BURHIS 
943 |g Universidad Autónoma Benito Juárez de Oaxaca. Biblioteca Francisco de Burgoa. Colección histórica 
999 |c 1122198  |d 1122198